| 000 | 00654cam a2200217 a 4500 | ||
|---|---|---|---|
| 001 | 000017963 | ||
| 005 | 20200929165309.0 | ||
| 008 | 810507s1936 fr 000 0 fre d | ||
| 040 |
_aDO-SdBNP _bfre _cLC _dBNPHU |
||
| 082 |
_a843.8 _bA659b |
||
| 100 | 1 |
_aAragon, _d1897-1982. _938946 |
|
| 245 | 1 | 4 |
_aLes beaux quartiers : _broman / _cAragon. |
| 260 |
_aParis, : _bDenoƫl et Steele, _c1936. |
||
| 300 |
_a498 p. ; _c17 cm. |
||
| 490 | 1 |
_aLa Livre de Poche _v133-134 |
|
| 650 | 4 |
_aNovela francesa _91075 |
|
| 650 | 4 |
_aLiteratura francesa _91074 |
|
| 830 | 0 |
_aLa Livre de Poche ; _v133-134 _938947 |
|
| 910 | _aCatalogación por copia / LC | ||
| 049 | _aBNGR | ||
| 999 |
_c17487 _d17487 |
||